000 00297nam a22001337a 4500
008 170615b xxu||||| |||| 00| 0 eng d
020 _a9781570750182
041 _aeng
080 _a32
100 _a19
101 _aSHP
245 _aMEXICAO AT THE CROSSROADS
_cTANGEMAN.M
942 _2udc
_cBK
999 _c17447
_d17447